| 000 | 00777nam a2200241 a 4500 | ||
|---|---|---|---|
| 005 | 20140412111314.0 | ||
| 008 | 001207s19uu xx 00 eng d | ||
| 020 | _a0-395-48009-4 | ||
| 050 |
_aTR(GS 808.83 _bB417 1986 |
||
| 245 |
_aBeginning to read A : _bBig bears and little bears. |
||
| 260 |
_aBoston : _bHoughton Mifflin Comp, _c1989. |
||
| 300 | _a72 p. ; ill. | ||
| 440 | _aHoughton Mifflin Literary Readers | ||
| 500 | _aContents: Mary wore her red dress and Henry wore his green sneakers--The Boat--Sleepy bear--Come In, Boo Bear--Just like Daddy--Good night, Good night--The Hat. | ||
| 650 | _aReading | ||
| 650 | _aChildren stories | ||
| 999 |
_c104144 _d104144 |
||